000 01195nam a2200361Ia 4500
005 20220317001735.0
008 170328s2008 s g 000 f s
020 _a9789584238597
020 _a9584238590
041 _aspa
100 1 _aKundera, Milan
_d1929-
245 1 3 _aLa insoportable levedad del ser
_cMilan Kundera ; traducido del original checo por Fernando Valenzuela
250 _a29a. edición
300 _a329 páginas
_c21 cm
490 _aAndanzas
534 _tNesnesitelná lehkrost byti
650 1 4 _2LEMB
_aNovela checa
_ySiglo XX
650 1 4 _2LEMB
_aLiteratura checa
_ySiglo XX
650 1 4 _2LEMB
_aFilosofía en la literatura
650 1 4 _2LEMB
_aAmor en la literatura
650 1 4 _2LEMB
_aSexo en la literatura
650 1 4 _2LEMB
_aErotismo en la literatura
650 1 4 _2LEMB
_aTraición en la literatura
650 1 4 _2LEMB
_aMuerte en la literatura
700 1 _aValenzuela, Fernando
_etraductor
_989905
942 _2loc
_cBKLIT
264 _aBarcelona
_bTusquets
_c2008
336 _atexto
_btxt
_2rdacontent
337 _asin mediación
_bn
_2rdamedia
338 _avolumen
_bnc
_2rdacarrier
040 _aCO-BoRNBP
_bspa
_erda
_cCO-BoRNBP
084 _aN KUN1
999 _c7929
_d7929